Wonky Word Clicking - P - Statistics

General Stats
  • This quiz has been taken 270 times
  • The average score is 11 of 15
Answer Stats
Hint Answer % Correct
Pizz azz
90%
Poppy cock
90%
Pande monium
90%
Pot pourri
88%
Pip squeak
88%
Pumper nickel
87%
Pick adilly
81%
Pachy derm
78%
Per snickety
74%
Polli wog
74%
Poo bah
69%
Popin jay
62%
Pinch beck
39%
Petti fogger
39%
Peck sniffian
29%
No matching quizzes found
Score Distribution
Percent of People with Each Score
Percentile by Number Answered
Your Score History
You have not taken this quiz